书目信息 |
| 题名: |
中国古代歌曲七十首
|
|
| 作者: | 王苏芬 , 张淑珍 , 修良 编 | |
| 分册: | ||
| 出版信息: | 上海 上海音乐出版社 2020.6 |
|
| 页数: | 226页, [1] 叶图版 | |
| 开本: | 29cm | |
| 丛书名: | ||
| 单 册: | ||
| 中图分类: | J642.7 | |
| 科图分类: | ||
| 主题词: | 歌曲--中国--古代--选集 | |
| 电子资源: | ||
| ISBN: | 978-7-5523-1603-2 | |
| 000 | 01118nam0 2200289 45 | |
| 001 | 012001001565 | |
| 005 | 20130912161032.0 | |
| 010 | @a978-7-5523-1603-2@dCNY88.00 | |
| 099 | @aCAL 012019034391 | |
| 100 | @a20190105d2019 em y0chiy0110 ea | |
| 101 | 0 | @achi |
| 102 | @aCN@b310000 | |
| 105 | @afgh z 000yy | |
| 106 | @ar | |
| 200 | 1 | @a中国古代歌曲七十首@Azhong guo gu dai ge qu qi shi shou@f王苏芬 ... [等] 编 |
| 210 | @a上海@c上海音乐出版社@d2020.6 | |
| 215 | @a226页, [1] 叶图版@c乐谱, 摹真@d29cm | |
| 300 | @a中国音乐学院重点课题“传统音乐琴歌研究”资助项目 | |
| 304 | @a题名页题: 王苏芬, 张淑珍, 修良, 王迪编 | |
| 330 | @a本书作者将70首中国古代经典乐曲如《阳关三叠》《胡笳十八拍》《念娇奴》《浪淘沙》整理汇编成歌谱, 保留原词和原谱, 乐谱包括简谱和五线谱, 每首有乐曲介绍和演唱提示, 既能为当代声乐表演者增加中国曲目, 又能帮助音乐学习者了解古曲。 | |
| 606 | 0 | @a歌曲@y中国@z古代@j选集 |
| 690 | @aJ642.7@v5 | |
| 701 | 0 | @a王苏芬@Awang su fen@4编 |
| 701 | 0 | @a张淑珍@Azhang shu zhen@4编 |
| 701 | 0 | @a修良@Axiu liang@4编 |
| 801 | @aCN@b江苏凤凰@c20211018 | |
| 905 | @b1343997-4000@dJ642.7@e295@f4 | |
| 中国古代歌曲七十首/王苏芬 ... [等] 编.-上海:上海音乐出版社,2020.6 |
| 226页, [1] 叶图版:乐谱, 摹真;29cm |
| 中国音乐学院重点课题“传统音乐琴歌研究”资助项目 |
| ISBN 978-7-5523-1603-2:CNY88.00 |
| 本书作者将70首中国古代经典乐曲如《阳关三叠》《胡笳十八拍》《念娇奴》《浪淘沙》整理汇编成歌谱, 保留原词和原谱, 乐谱包括简谱和五线谱, 每首有乐曲介绍和演唱提示, 既能为当代声乐表演者增加中国曲目, 又能帮助音乐学习者了解古曲。 |
| ● |
| 相关链接 |
|
|
|
|
正题名:中国古代歌曲七十首
索取号:J642.7/295
 
预约/预借
| 序号 | 登录号 | 条形码 | 馆藏地/架位号 | 状态 | 备注 |
| 1 | 1343997 | 213439974 | 第一样本阅览室/ [索取号:J642.7/295] | 在馆 | |
| 2 | 1343998 | 213439983 | 第一借阅区/ [索取号:J642.7/295] | 在馆 | |
| 3 | 1343999 | 213439992 | 第一借阅区/ [索取号:J642.7/295] | 在馆 | |
| 4 | 1344000 | 213440007 | 第一借阅区/ [索取号:J642.7/295] | 在馆 |